Samanlaisimmat valtioiden nimet - Statistics

Yleistilastot
  • Tätä visaa on pelattu 1 091 kertaa
  • Keskiarvotulos 10 / 20
Vastaustilastot
valtio muutos vastaus % Oikein
Iran vaihda 1 Irak
100%
Islanti vaihda 1 Irlanti
99%
Nigeria poista 2 Niger
95%
Gambia vaihda 1 Sambia
91%
Slovakia vaihda 2 Slovenia
87%
Ranska vaihda 1 Tanska
78%
Gambia vaihda 1, lisää 1 Namibia
51%
Mali lisää 2 Malawi
47%
Togo lisää 1, vaihda 1 Tonga
42%
Nigeria vaihda 2 Liberia tai Algeria
40%
Oman vaihda 2 Iran
34%
Kanada vaihda 2 Panama
34%
Mali lisää 1, vaihda 1 Malta
33%
Ruanda poista 1, lisää 1 Uganda
32%
Samoa lisää 1, vaihda 1 Sambia
29%
Romania vaihda 2 Somalia
29%
Tšekki vaihda 2 Turkki
27%
Sambia vaihda 1, lisää 1 Namibia
26%
Brunei lisää 1, vaihda 1 Burundi
20%
Ghana lisää 1, vaihda 1 Guyana
18%
Ehtoja vastaavia visoja ei löytynyt
Tulosjakauma
Jokaisen tuloksen saaneiden osuus
Persentiili vastausten määrän mukaan
Tuloshistoriasi
Et ole pelannut tätä visaa